<?xml version="1.0" encoding="UTF-8"?>
<collection xmlns="http://www.loc.gov/MARC21/slim">
<record>
  <controlfield tag="001">144923</controlfield>
  <controlfield tag="005">20260217205517.0</controlfield>
  <datafield tag="024" ind1="7" ind2=" ">
    <subfield code="2">doi</subfield>
    <subfield code="a">10.3390/land13081162</subfield>
  </datafield>
  <datafield tag="024" ind1="8" ind2=" ">
    <subfield code="2">sideral</subfield>
    <subfield code="a">139754</subfield>
  </datafield>
  <datafield tag="037" ind1=" " ind2=" ">
    <subfield code="a">ART-2024-139754</subfield>
  </datafield>
  <datafield tag="041" ind1=" " ind2=" ">
    <subfield code="a">eng</subfield>
  </datafield>
  <datafield tag="100" ind1=" " ind2=" ">
    <subfield code="a">Liu, Zhaoyang</subfield>
  </datafield>
  <datafield tag="245" ind1=" " ind2=" ">
    <subfield code="a">Research on the Interaction Mechanism between Land System Reform and Rural Population Flow: Europe (Taking Spain as an Example) and China</subfield>
  </datafield>
  <datafield tag="260" ind1=" " ind2=" ">
    <subfield code="c">2024</subfield>
  </datafield>
  <datafield tag="506" ind1="0" ind2=" ">
    <subfield code="a">Access copy available to the general public</subfield>
    <subfield code="f">Unrestricted</subfield>
  </datafield>
  <datafield tag="520" ind1="3" ind2=" ">
    <subfield code="a">This paper examines the interaction between land policies and rural labor migration in China and Europe, highlighting how land reforms guide labor mobility and their impacts on land and social structures. In China, the Household Contract Responsibility System and land transfer policies have facilitated agricultural scale expansion and the urbanization of the rural labor force. Homestead reforms have further enhanced farmers’ asset liquidity. In Europe, using Spain as a case study, EU agricultural policies have spurred agricultural modernization, economic diversification, and intensive land use. These advancements benefitted from a mature land transfer market and increased non-agricultural employment opportunities. Both China and Europe face challenges of population aging and rural depopulation, necessitating improvements in land use efficiency, the balance of the scale, and the protection of farmers’ rights and interests. Europe addresses labor shortages through technology, mechanization, and cooperatives, while China employs land trusteeship, transfer platforms, and the “three rights separation” system to combat land abandonment and labor shortages. Future research should strengthen comparative studies between China and Europe, quantify interactive relationships, consider the impact of transnational labor mobility under globalization, explore policy innovations, and foster international cooperation to address demographic changes and agricultural labor shortages. Additionally, promoting sustainable land use and farmers’ rights, equalizing urban–rural public services, enhancing education and training, and improving the social security system are crucial for integrated urban–rural development.</subfield>
  </datafield>
  <datafield tag="540" ind1=" " ind2=" ">
    <subfield code="9">info:eu-repo/semantics/openAccess</subfield>
    <subfield code="a">by</subfield>
    <subfield code="u">https://creativecommons.org/licenses/by/4.0/deed.es</subfield>
  </datafield>
  <datafield tag="590" ind1=" " ind2=" ">
    <subfield code="a">3.2</subfield>
    <subfield code="b">2024</subfield>
  </datafield>
  <datafield tag="591" ind1=" " ind2=" ">
    <subfield code="a">ENVIRONMENTAL STUDIES</subfield>
    <subfield code="b">83 / 193 = 0.43</subfield>
    <subfield code="c">2024</subfield>
    <subfield code="d">Q2</subfield>
    <subfield code="e">T2</subfield>
  </datafield>
  <datafield tag="592" ind1=" " ind2=" ">
    <subfield code="a">0.773</subfield>
    <subfield code="b">2024</subfield>
  </datafield>
  <datafield tag="593" ind1=" " ind2=" ">
    <subfield code="a">Ecology</subfield>
    <subfield code="c">2024</subfield>
    <subfield code="d">Q1</subfield>
  </datafield>
  <datafield tag="593" ind1=" " ind2=" ">
    <subfield code="a">Nature and Landscape Conservation</subfield>
    <subfield code="c">2024</subfield>
    <subfield code="d">Q1</subfield>
  </datafield>
  <datafield tag="593" ind1=" " ind2=" ">
    <subfield code="a">Global and Planetary Change</subfield>
    <subfield code="c">2024</subfield>
    <subfield code="d">Q2</subfield>
  </datafield>
  <datafield tag="594" ind1=" " ind2=" ">
    <subfield code="a">5.9</subfield>
    <subfield code="b">2024</subfield>
  </datafield>
  <datafield tag="655" ind1=" " ind2="4">
    <subfield code="a">info:eu-repo/semantics/article</subfield>
    <subfield code="v">info:eu-repo/semantics/publishedVersion</subfield>
  </datafield>
  <datafield tag="700" ind1=" " ind2=" ">
    <subfield code="a">Esteban Rodríguez, Samuel</subfield>
    <subfield code="u">Universidad de Zaragoza</subfield>
    <subfield code="0">(orcid)0000-0002-5282-1930</subfield>
  </datafield>
  <datafield tag="710" ind1="2" ind2=" ">
    <subfield code="1">3006</subfield>
    <subfield code="2">435</subfield>
    <subfield code="a">Universidad de Zaragoza</subfield>
    <subfield code="b">Dpto. Geograf. Ordenac.Territ.</subfield>
    <subfield code="c">Área Geografía Humana</subfield>
  </datafield>
  <datafield tag="773" ind1=" " ind2=" ">
    <subfield code="g">13, 8 (2024), 1162 [19 pp.]</subfield>
    <subfield code="p">Land (Basel)</subfield>
    <subfield code="t">Land</subfield>
    <subfield code="x">2073-445X</subfield>
  </datafield>
  <datafield tag="856" ind1="4" ind2=" ">
    <subfield code="s">2475443</subfield>
    <subfield code="u">http://zaguan.unizar.es/record/144923/files/texto_completo.pdf</subfield>
    <subfield code="y">Versión publicada</subfield>
  </datafield>
  <datafield tag="856" ind1="4" ind2=" ">
    <subfield code="s">2636516</subfield>
    <subfield code="u">http://zaguan.unizar.es/record/144923/files/texto_completo.jpg?subformat=icon</subfield>
    <subfield code="x">icon</subfield>
    <subfield code="y">Versión publicada</subfield>
  </datafield>
  <datafield tag="909" ind1="C" ind2="O">
    <subfield code="o">oai:zaguan.unizar.es:144923</subfield>
    <subfield code="p">articulos</subfield>
    <subfield code="p">driver</subfield>
  </datafield>
  <datafield tag="951" ind1=" " ind2=" ">
    <subfield code="a">2026-02-17-20:27:15</subfield>
  </datafield>
  <datafield tag="980" ind1=" " ind2=" ">
    <subfield code="a">ARTICLE</subfield>
  </datafield>
</record>
</collection>